[Event "HUN-chT2 Barcza 1516"]
[Site "Hungary"]
[Date "2016.02.28"]
[Round "8.10"]
[White "Saller, Imre"]
[Black "Somelan, Pal"]
[Result "1-0"]
[WhiteElo "1803"]
[BlackElo "1522"]
[PlyCount "77"]
[EventDate "2015.09.13"]
[EventType "team-tourn"]
[EventRounds "11"]
[EventCountry "HUN"]
[SourceTitle "EXT 2017"]
[Source "ChessBase"]
[SourceDate "2016.10.25"]
[SourceVersion "1"]
[SourceVersionDate "2016.10.25"]
[SourceQuality "1"]
[WhiteTeam "Hajduszoboszlo"]
[BlackTeam "SSASSE"]
[WhiteTeamCountry "HUN"]
[BlackTeamCountry "HUN"]

1. d4 d5 2. c4 e6 3. Nc3 Nf6 4. Bg5 Be7 5. e3 Nc6 6. Nf3 h6 7. Bh4 g5 8. Bg3 Nh5 9. Ne5 Nxg3 10. Nxc6 bxc6 11. hxg3 Bb4 12. Qc2 Ba6 13. a3 Bxc3+ 14. Qxc3 dxc4 15. Bxc4 Bxc4 16. Qxc4 Qd5 17. Rc1 Qxg2 18. Qxc6+ Qxc6 19. Rxc6 Kd7 20. Rc5 Rab8 21. b4 Rb6 22. Ra5 a6 23. Rxg5 hxg5 24. Rxh8 f5 25. Kd2 Kc6 26. Rh7 g4 27. Kd3 Kd6 28. Rh8 Rc6 29. Rd8+ Ke7 30. Ra8 Kd6 31. a4 Rb6 32. a5 Rxb4 33. Rxa6+ c6 34. Ke2 Kc7 35. Ra8 Rb8 36. Rxb8 Kxb8 37. Kd3 Kb7 38. Kc4 Ka6 39. Kc5 1-0